000 00921nas a2200289 4500
001 BR9205906
003 BR-BrBNA
005 20231205094634.0
007 ta
008 230509b bl.|||p| |||| 00| 00por d
040 _aBR-BrBNA
_bpor
_cBiblioteca Nacional de Agricultura
041 _a(Pt)
072 _aL02
100 1 _aFernandes, F.D.
100 1 _aTeixeira, J.C.
100 1 _aPerez, J.R.O.
100 1 _aMuniz, J.A.
100 1 _aFerreira, R.N.
245 1 _aUso da soja crua, soja tostada e soja crua/ureia como suplemento proteico para vaca em lactacao. 2 - consumo e parametros sanguineos e ruminais
_bParte de tese
650 _aSoja
650 _aSuplemento Proteico
650 _aVaca Leiteira
650 _aLactacao
773 0 _tCiencia e Pratica (Brazil)
_xISSN 0100-3267
_g(Jan-Jun 1988), v. 12(1) p. 35-43
_wBR9205906
909 _a202311
_bLúcia
_c55
_dLúcia Elande
942 _2AGRIS
_n0
_cANA
999 _c145820
_d145820